Super Sad Synonym Blitz Quiz Stats

 Plays Quiz Updated Apr 7, 2015

Challenge
Share
Tweet
Embed
Score 0/36 Timer 01:00
3 Plays Today
% Correct
Depressed
73.2%
Sorrowful
72.5%
Miserable
71.5%
Mournful
70.8%
Glum
70.4%
Downhearted
69.7%
Dejected
69.5%
Melancholy
69.1%
Cheerful
66.7%
Cheerless
66.6%
Merry
65.9%
Morose
65.6%
Inconsolable
65.5%
Wretched
65.1%
Delighted
64.4%
Ecstatic
64.1%
Blissful
63.8%
Crestfallen
63.7%
% Correct
Pleased
63.7%
Forlorn
63.5%
Jubilant
63.4%
Thrilled
63.2%
Elated
63%
Disconsolate
61.3%
Carefree
59.8%
Woebegone
58%
Content
57.2%
Exultant
55%
Mirthful
48.1%
Rhapsodic
45.9%
Wistful
42.4%
Beatific
41.4%
Blithe
37%
Chuffed
35.3%
Jocund
31.8%
Lugubrious
28.9%

You're not logged in!

Compare scores with friends on all Sporcle quizzes.
Join for Free
OR
Log In

You Might Also Like...

Show Comments

Extras

Top Quizzes Today


Score Distribution

Your Account Isn't Verified!

In order to create a playlist on Sporcle, you need to verify the email address you used during registration. Go to your Sporcle Settings to finish the process.

Report this User

Report this user for behavior that violates our Community Guidelines.

Details: